Foundations of economic value added

保存先:
書誌詳細
第一著者: Grant, James L.
フォーマット: 図書
言語:Undetermined
出版事項: Hoboken, NJ J. Wiley 2003
主題:
タグ: タグ追加
タグなし, このレコードへの初めてのタグを付けませんか!
Thư viện lưu trữ: Trung tâm Học liệu Trường Đại học Cần Thơ
LEADER 00570nam a2200193Ia 4500
001 CTU_109559
008 210402s9999 xx 000 0 und d
082 |a 332.632042 
082 |b G761 
100 |a Grant, James L. 
245 0 |a Foundations of economic value added 
245 0 |c James L. Grant 
260 |a Hoboken, NJ 
260 |b J. Wiley 
260 |c 2003 
650 |a Economic value added,Corporations,Capital productivity,Investment analysis 
650 |x Valuation 
904 |i Năm, Q. Hieu 
980 |a Trung tâm Học liệu Trường Đại học Cần Thơ